000 01578cab a2200241 4500
001 ABS60025
008 090401t1999 xxu||||| |||| 00| 0 eng d
035 _a(Sirsi) u91072
041 _aeng
245 _aPrince Jefri Bolkiah v KPMG
260 _c1999
350 _a0
490 _aWeekly Law Reports
_v[1999] 2 WLR 215-229(8)
520 _aHL 18 December 1998. The defendents (KPMG) were retained by the plaintiff (PJB) to act as forensic accountants in 1996 when PJB was involved in major litigation relating to his financial affairs. At that time KPMG had access to confidential information relating to PJB`s assets. The litigation was settled in March 1998 after which KPMG undertook no further work for PJB. In June 1998 the Government of Brunei launched an investigation into an agency of which PJB had been chairman. The agency retained KPMG to investigate the location of certain assets which it was suggested had been used by PJB for his own benefit. KPMG took steps to protect PJB`s confidentiality, however PJB commenced an action for breach of confidence and sought an injunction restraining KPMG from acting for the agency. "Held", appeal allowed and the injunction would be granted, due to the ad hoc nature of arrangements made by KPMG to protect PJB`s confidentiality.
650 _aCHINESE WALLS
650 _aCONFIDENTIALITY
650 _aCONFLICTS OF INTEREST
650 _aFORENSIC ACCOUNTANTS
650 _aPRINCE JEFRI BOLKIAH V KPMG
690 _aMANAGEMENT-BUSINESS MANAGEMENT-PROFESSIONAL PRACTICE
942 _n0
948 _c03/02/1999
999 _c57783
_d57783